| 000 | 01257cam a22003015a 4500 | ||
|---|---|---|---|
| 001 | L140282 | ||
| 008 | 090112s2009 xxk f 001 0 eng d | ||
| 020 | _a9781847031266 | ||
| 035 | _a(Sirsi) u140282 | ||
| 041 | 0 | _aeng | |
| 050 | 0 | 4 | _a346.41032 $2 18 |
| 100 | 1 | _aHanbury, William | |
| 245 | 0 | 0 |
_aDefective premises _blaw and practice |
| 260 |
_aLondon _bSweet & Maxwell _c2009 |
||
| 300 |
_alvii, 362p. _c22cm. |
||
| 350 | _a89 | ||
| 490 | 0 | _aSweet and Maxwell Practitioner Series | |
| 505 | 2 | _aContractual liability-- Non-contractual liability -- Remedies -- Practice and procedure -- Appendices | |
| 520 | _aLooks at all aspects of defective premises, including relevant legislation, liability, and the procedural stages. Applicable to both residential and business premises, the book covers the Defective Premises Act 1972, and Occupiers' Liability Acts 1957 and 1984, multiple occupation, as well as gas and other health and safety regulations and human rights law. | ||
| 521 | _aAdvanced | ||
| 590 | _aKA | ||
| 650 | 2 | 4 | _aDEFECTIVE PREMISES ACT 1972 |
| 650 | 2 | 4 | _aOCCUPIERS LIABILITY ACT 1957 |
| 650 | 2 | 4 | _aOCCUPIERS LIABILITY ACT 1984 |
| 651 | 4 |
_aEngland and Wales _y1543- |
|
| 690 |
_aLandlord and tenant _96252 |
||
| 942 | _n0 | ||
| 999 |
_c107471 _d107471 |
||